000 01102nam0a2200325 4500
001 RU\NLR\b_ik\133045
005 20250616225652.0
010 _a0-8014-4245-1
035 _a(NLR Aleph) 002206379
090 _a3109315
_c3109315
100 _a20050818d2005 |||y0rusy50 ca
101 0 _aeng
102 _aRU
105 _aabch|||||||||
200 1 _aThe Romanian revolution of December 1989
_fPeter Siani-Davies
210 _aIthaca
_aLondon
_cCornell univ. press
_d2005
215 _aXI, 315 с.
_cил., факс., портр., карт.
_d24
320 _aБиблиогр.: с. 287-303
320 _aУказ.: с. 305-315
541 0 _aРумынская революция, декабрь 1989
_zrus
606 1 _aРумынские события
_z1989
_91708965
_3RU\NLR\AUTH\661059144
606 1 _aRomania-History-Revolution,1989.
_2lcsh
606 1 _aRomania-Politics and government-1989-
_2lcsh
676 _a949.803'2
_v22
686 4 _aТ3(4Р)72-3
700 1 _aSiani-Davies
_bP.
_gPeter
_4070
801 0 _aRU
_bNLR
_c20050818
_gPSBO
942 _cBOOK
980 _aNB